| 000 | 00442nam a2200169Ia 4500 | ||
|---|---|---|---|
| 005 | 20250603145835.0 | ||
| 008 | 250603s9999 xx 000 0 und d | ||
| 020 | _a9783371282 | ||
| 050 | _aHJ 2184.7 .U37/ | ||
| 100 | _aUkeje, S. | ||
| 245 | 4 | _aThe budget and the citizen : a manual for popular participation in budgeting | |
| 260 | _aLagos | ||
| 260 | _bShelter Rights Initiative | ||
| 300 | _a89 p | ||
| 650 | _aLagos | ||
| 942 | _cBK | ||
| 999 |
_c43015 _d43015 |
||